| 000 | 01949nam a2200289Ia 4500 | ||
|---|---|---|---|
| 001 | H2730 | ||
| 003 | IT-RoPAU | ||
| 008 | 130308s9999 xx 000 0 und d | ||
| 040 | _aIT-RoPAU | ||
| 040 | _cIT-RoPAU | ||
| 041 | _aITALIANO | ||
| 100 | _aBurman Edward | ||
| 100 | _gCodice Aut. SPICS: 57105 | ||
| 245 | _aInternet nuovo leviatano. Verso il futuro paradigma di pensiero e di business | ||
| 245 | _bInternet Nuovo Leviatano. Verso Il futuro paradigma di pensiero e di Business | ||
| 250 | _a1a ed. | ||
| 260 | _aMILANO | ||
| 260 | _bEtas Libri | ||
| 260 | _c2002 [1° Ed.:2002 - Ed.Ling.Originale:2002] | ||
| 300 | _a"160 p. (prefazione: 20; testo: 140 [pagine: 0-0])" | ||
| 500 | _a"Prefazione di Richard Normann. Thomas Kuhn e Internet: Rivoluzione Scientifica; Novità di Fatto: Scoperte; Novità Teoriche: L'Invenzione; Rivoluzione del Business; Pre Paradigmi. internet Prima del Paradigma: Pre Paradigmi: Arpanet, Browser, Negroponte, B2Qualcuno, Napster, della ""E"" Parola; Funzione dei Pre Paradigmi; riviste Pre Paradigma: Wired, red Herring, The Industry Standard. Crisi e Risposta: Verso un Nuovo paradigma di Business; invenzione di una Nuova Economia; Crisi del mercato Azionario. Dall'Apparenza Alla Realta': Rivoluzione delle Telecomunicazioni; globalizzazione e Internet; globalizzazione e Modernita'; conseguenze Sociali e Culturali; Mito dell'Eta'; Due Culture?; paradigma di internet Finora. soluzione della Rivoluzione: Dalla Rivoluzione al Paradigma; fase tecnologica (1969 1995 Circa); fase del Modello di business (1995 2000); fase del cambiamento delle Abitudini (2001 ?); Vita delle Aziende; Vita Personale degli Individui. Nuovo Paradigma: Verso Il Nuovo Paradigma: Comunicazione, Linguaggio e Ideologia; Nuovo Paradigma: Connettività Invisibile. Bibliografia." | ||
| 650 | _aSAGGI SULLA MULTIMEDIALITA' | ||
| 650 | _eCodice materia Spics: 4257 | ||
| 942 | _cBK | ||
| 957 | _71 | ||
| 999 |
_c90183 _d90183 |
||
| 999 | _g1 | ||